Les Bronzés font du ski : quiz par images - Statistiques

Statistiques générales
  • Ce quiz a été pris 78 fois
  • Le résultat moyen est 6 sur 8
Statistiques - réponses
Par images Hint Réponse % Correct
Jean-Claude Dusse Michel Blanc
99%
Dr Jérôme Tarayre Christian Clavier
97%
Bernard Morin Gérard Jugnot
95%
Robert ("Popeye") Lespinasse Thierry Lhermitte
92%
Nathalie Morin Josiane Balasko
83%
Gisele ("Gigi") André Marie-Anne Chazel
80%
Christiane Dominique Lavanant
51%
Gilbert Seldman Bruno Moynot
27%
Aucun quiz correspondant
Distribution des résultats
% des personnes avec chaque résultat
Percentile par nombre de réponses
Votre historique - résultats
Vous n’avez pas pris ce quiz